header

Growing green (Record no. 11099)

MARC details
000 -LEADER
fixed length control field 01714nam a2200397 a 4500
082 04 - DEWEY DECIMAL CLASSIFICATION NUMBER
Classification number 363.738/745
100 1# - MAIN ENTRY--AUTHOR NAME
Personal name Deichmann, Uwe.
245 10 - TITLE STATEMENT
Title Growing green
260 ## - PUBLICATION, DISTRIBUTION, ETC. (IMPRINT)
Place of publication Washington, D.C. :
Name of publisher World Bank,
Year of publication 2013.
300 ## - PHYSICAL DESCRIPTION
Number of Pages 385 p. :
Other physical details col. ill., col. maps.
490 1# - SERIES STATEMENT
Series statement Eastern Europe and Central Asia reports
505 0# - FORMATTED CONTENTS NOTE
Formatted contents note pt. 1. Priorities for a low-carbon transformation -- pt. 2. Promoting growth and ensuring social inclusion -- pt. 3. Sectoral priorities.
650 #0 - SUBJECT ADDED ENTRY--TOPICAL TERM
Topical Term Environmental policy
Topical Term Environmental policy
Topical Term Climatic changes
Topical Term Climatic changes
856 40 - ELECTRONIC LOCATION AND ACCESS
Uniform Resource Identifier http://site.ebrary.com/lib/rucke/Doc?id=10690514

No items available.

© 2026 Rongo University
Contact us: librarian | system librarian | Rongo university